[Event "NRW-ch U20"]
[Site "Hiddenhausen"]
[Date "1996.??.??"]
[Round "?"]
[White "Ludwig, Peter"]
[Black "Jacob, Gunnar"]
[Result "1-0"]
[WhiteElo "1935"]
[BlackElo "1990"]
[PlyCount "115"]
[EventDate "1996.??.??"]
[EventType "tourn"]
[EventRounds "9"]
[EventCountry "GER"]
[SourceTitle "EXT 2001"]
[Source "ChessBase"]
[SourceDate "2000.11.22"]
[SourceVersion "1"]
[SourceVersionDate "2000.11.22"]
[SourceQuality "1"]

1. g3 g6 2. Bg2 Bg7 3. e4 c5 4. Nf3 Nc6 5. 0-0 d6 6. d3 Rb8 7. Nbd2 Nf6 8. c3 0-0 9. a4 a6 10. Rb1 Ne8 11. Re1 b5 12. axb5 axb5 13. b4 Bxc3 14. bxc5 dxc5 15. Qc2 b4 16. Bb2 Nd4 17. Nxd4 cxd4 18. Rf1 Ba6 19. Bc1 Nc7 20. Nb3 Ne6 21. Bh6 Re8 22. f4 Qb6 23. Rbd1 Bb5 24. f5 Ng7 25. Qf2 Ba4 26. Rb1 Bxb3 27. Rxb3 gxf5 28. Qf4 e5 29. Qh4 f4 30. gxf4 Qg6 31. f5 Qh5 32. Qxh5 Nxh5 33. f6 Nf4 34. Rf3 Be1 35. Rb1 Bc3 36. Rg3+ Ng6 37. h4 Re6 38. h5 Rxf6 39. hxg6 Rxg6 40. Rxg6+ fxg6 41. Rf1 b3 42. Bh3 b2 43. Be6+ Kh8 44. Ba2 Bb4 45. Rf7 b1Q+ 46. Bxb1 Bd2 47. Bxd2 Rxb1+ 48. Rf1 Rb8 49. Bh6 Kg8 50. Rf3 Re8 51. Kf2 Rb8 52. Ke2 Re8 53. Kd2 Rc8 54. Rf6 Re8 55. Kc2 g5 56. Kd2 g4 57. Ke2 Kh8 58. Kf1 1-0